MARC details
| 000 -LÍDER |
| campo de controle de tamanho fixo |
00710 a2200253 4500 |
| 001 - NÚMERO DE CONTROLE |
| campo de controle |
114255 |
| 020 ## - ISBN - INTERNATIONAL STANDARD BOOK NUMBER |
| ISBN - International Standard Book Number |
0395492122 |
| 020 ## - ISBN - INTERNATIONAL STANDARD BOOK NUMBER |
| ISBN - International Standard Book Number |
0395901251 |
| 041 ## - CÓDIGO DE IDIOMA |
| Código do idioma do texto/trilha sonora ou título diferente |
por |
| 082 ## - CDD - CLASSIFICAÇÃO DECIMAL DE DEWEY |
| Número de Classificação |
AP Toddler 782 |
| 092 ## - CLASSIFICAÇÃO DE DEWEY ATRIBUÍDA LOCALMENTE (OCLC) |
| Número de Classificação |
88023269 |
| 040 ## - FONTE DA CATALOGAÇÃO |
| Instituição da catalogação original |
BR-BrIDEA |
| Instituição que transcreveu o registro |
BR-BrIDEA |
| 090 ## - NÚMERO DE CHAMADA LOCAL |
| Número de chamada (OCLC) (R); Número de chamada, CALL (RLIN) (NR) |
AP Toddler 782 |
| Número Cutter local (OCLC); Número de classificação do livro, CALL (RLIN) |
OLD |
| 245 10 - TÍTULO |
| Título |
Old MacDonald had a farm |
| Indicação de responsabilidade, etc. |
illustrated by Carol Jones |
| 260 ## - PUBLICAÇÃO, DISTRIBUIÇÃO, ETC. |
| Local de publicação, distribuição, etc. |
[s.l.] |
| Nome do editor, distribuidor, etc. |
Houghton Mifflin |
| Data da publicação, distribuição, etc. |
1989 |
| 300 ## - DESCRIÇÃO FÍSICA |
| Extensão |
[32] p. |
| 697 ## - ENTRADA DE ASSUNTO LOCAL--ENTIDADE COLETIVA (RLIN) |
| Nome corporativo ou nome da jurisdição |
Toy and movable books - Specimens. |
| 697 ## - ENTRADA DE ASSUNTO LOCAL--ENTIDADE COLETIVA (RLIN) |
| Nome corporativo ou nome da jurisdição |
Toy and movable books. |
| 697 ## - ENTRADA DE ASSUNTO LOCAL--ENTIDADE COLETIVA (RLIN) |
| Nome corporativo ou nome da jurisdição |
Folk songs - United States. |
| 697 ## - ENTRADA DE ASSUNTO LOCAL--ENTIDADE COLETIVA (RLIN) |
| Nome corporativo ou nome da jurisdição |
Folk songs, English - United States - Texts. |
| 700 ## - ENTRADA ADICIONADA - NOME PESSOAL |
| Nome pessoal |
Carol Jones |
| Função do autor por extenso |
Illustrated |
| 856 ## - LOCALIZAÇÃO ELETRÔNICA E ACESSO |
| Uniform Resource Identifier |
<a href="000025/00002518.jpg">000025/00002518.jpg</a> |
| 942 ## - ELEMENTOS DE ENTRADA ADICIONADOS (KOHA) |
| Tipo de material Koha |
Livros |